000 00538nam a2200181Ia 4500
005 20250423100914.0
008 250422s9999 xx 000 0 und d
020 _a9780689826962
050 _aPZ 7 .R44/
100 _aReeder, Carolyn
245 0 _aShades of gray
260 _aNew York
260 _bCollier Macmillan
260 _c1989
300 _a152 p
650 _aOrphans--Fiction. Uncles--Fiction. Conscientious objectors--Fiction. United States--History--Civil War, 1861-1865--Fiction. Virginia--Fiction.
942 _cBK
999 _c34700
_d34700